[Event "Niedersachsen-ch Seniors op 09th"]
[Site "Bad Bevensen"]
[Date "2006.06.30"]
[Round "7"]
[White "Grabitz, Georg"]
[Black "Gelzenleichter, Siegfried"]
[Result "1/2-1/2"]
[WhiteElo "1902"]
[BlackElo "1973"]
[PlyCount "31"]
[EventDate "2006.06.24"]
[EventType "swiss"]
[EventRounds "9"]
[EventCountry "GER"]
[SourceTitle "EXT 2022"]
[Source "ChessBase"]
[SourceDate "2021.10.06"]
[SourceVersion "1"]
[SourceVersionDate "2021.10.06"]
[SourceQuality "1"]

1. d4 d5 2. Bf4 Nf6 3. e3 c5 4. c3 Nc6 5. Bd3 Qb6 6. Qc1 g6 7. Nf3 Bg7 8. Nbd2 0-0 9. 0-0 Bg4 10. h3 Bxf3 11. Nxf3 Rac8 12. Ne5 cxd4 13. Nxc6 Rxc6 14. exd4 Nd7 15. Qd2 e6 16. Rab1 1/2-1/2

[Event "Niedersachsen-ch Seniors op 09th"]
[Site "Bad Bevensen"]
[Date "2006.06.25"]
[Round "2"]
[White "Gelzenleichter, Siegfried"]
[Black "Eickhoff, Hermann"]
[Result "1/2-1/2"]
[WhiteElo "1973"]
[BlackElo "1806"]
[PlyCount "47"]
[EventDate "2006.06.24"]
[EventType "swiss"]
[EventRounds "9"]
[EventCountry "GER"]
[SourceTitle "EXT 2022"]
[Source "ChessBase"]
[SourceDate "2021.10.06"]
[SourceVersion "1"]
[SourceVersionDate "2021.10.06"]
[SourceQuality "1"]

1. d4 Nf6 2. Nf3 g6 3. c4 Bg7 4. Nc3 d5 5. cxd5 Nxd5 6. e4 Nxc3 7. bxc3 c5 8. Rb1 0-0 9. Be2 Qa5 10. Qd2 cxd4 11. cxd4 Qxd2+ 12. Bxd2 Nc6 13. d5 Nd4 14. Nxd4 Bxd4 15. 0-0 b6 16. Bh6 Rd8 17. Rbc1 Bd7 18. Rfd1 Bc5 19. Bf4 f6 20. Bc4 Kg7 21. e5 Ba4 22. Rd3 b5 23. Bb3 Bxb3 24. axb3 1/2-1/2

[Event "Niedersachsen-ch Seniors op 09th"]
[Site "Bad Bevensen"]
[Date "2006.06.24"]
[Round "1"]
[White "Petersson, Hans Erich"]
[Black "Gelzenleichter, Siegfried"]
[Result "0-1"]
[WhiteElo "1844"]
[BlackElo "1973"]
[PlyCount "76"]
[EventDate "2006.06.24"]
[EventType "swiss"]
[EventRounds "9"]
[EventCountry "GER"]
[SourceTitle "EXT 2022"]
[Source "ChessBase"]
[SourceDate "2021.10.06"]
[SourceVersion "1"]
[SourceVersionDate "2021.10.06"]
[SourceQuality "1"]

1. d4 d5 2. c4 c6 3. Nf3 Nf6 4. e3 e6 5. Nc3 Nbd7 6. cxd5 exd5 7. Bd3 Bd6 8. a3 0-0 9. 0-0 Re8 10. b4 Nf8 11. Re1 Ne4 12. Qc2 Qe7 13. Bb2 Bg4 14. Ne5 Bxe5 15. dxe5 Nxc3 16. Bxc3 Ng6 17. f4 Rac8 18. h3 Bd7 19. Qd2 b6 20. Rad1 Rcd8 21. Qe2 Qh4 22. Qf3 Bc8 23. Re2 Qe7 24. g4 Bb7 25. Red2 c5 26. Qg3 d4 27. exd4 cxd4 28. Bb2 Nh4 29. Be2 g5 30. Rxd4 Rxd4 31. Rxd4 gxf4 32. Rxf4 Ng6 33. Rf5 Qe6 34. Qd3 Rc8 35. Rf1 Nxe5 36. Qd4 f6 37. Qf4 Qd5 38. Kf2 Rc2 0-1

[Event "Hessen-ch Seniors op 02nd"]
[Site "Bad Sooden-Allendorf"]
[Date "2006.05.03"]
[Round "9"]
[White "Gelzenleichter, Siegfried"]
[Black "Schmidt, Gerhard3333"]
[Result "1/2-1/2"]
[WhiteElo "1984"]
[BlackElo "2124"]
[PlyCount "32"]
[EventDate "2006.04.25"]
[EventType "swiss"]
[EventRounds "9"]
[EventCountry "GER"]
[SourceTitle "EXT 2007"]
[Source "ChessBase"]
[SourceDate "2006.11.23"]
[SourceVersion "1"]
[SourceVersionDate "2006.11.23"]
[SourceQuality "1"]

1. d4 Nf6 2. Nf3 d5 3. c4 e6 4. Nc3 Be7 5. Bg5 0-0 6. e3 h6 7. Bxf6 Bxf6 8. Rc1 b6 9. cxd5 exd5 10. Bd3 Bb7 11. 0-0 Nd7 12. Bb1 c5 13. Qc2 g6 14. Ne2 Ba6 15. Rfd1 Rc8 16. Qd2 Bxe2 1/2-1/2

[Event "Moehnesee Cup-A"]
[Site "Moehnesee"]
[Date "2005.08.19"]
[Round "2"]
[White "Potempa, Dieter Heinz"]
[Black "Gelzenleichter, Siegfried"]
[Result "1-0"]
[WhiteElo "1970"]
[BlackElo "2154"]
[PlyCount "77"]
[EventDate "2005.08.18"]
[EventType "swiss"]
[EventRounds "7"]
[EventCountry "GER"]
[SourceTitle "CBM 108 Extra"]
[Source "ChessBase"]
[SourceDate "2005.11.04"]
[SourceVersion "1"]
[SourceVersionDate "2005.11.04"]
[SourceQuality "1"]

1. e4 c5 2. c3 d5 3. exd5 Qxd5 4. d4 Nf6 5. Nf3 Nc6 6. Be2 Bf5 7. c4 Qd7 8. d5 Nb4 9. 0-0 Nc2 10. Ne5 Qc7 11. Bf4 g5 12. Nxf7 Qxf4 13. Nxh8 g4 14. g3 Qe5 15. h3 h5 16. Bd3 Nd4 17. Ng6 Bxg6 18. Bxg6+ Kd8 19. Nc3 h4 20. hxg4 hxg3 21. f4 Qe3+ 22. Kg2 Bg7 23. g5 Ne8 24. Qd3 Qxd3 25. Bxd3 Nd6 26. Kxg3 N4f5+ 27. Bxf5 Nxf5+ 28. Kf3 Kd7 29. Ne4 b6 30. Rab1 Rh8 31. Rh1 Rf8 32. b3 Nd4+ 33. Kg4 Nf5 34. Rh7 Bd4 35. Re1 Ne3+ 36. Kf3 Nf5 37. Ng3 Ng7 38. Re4 Bc3 39. Kg4 1-0

[Event "Hessen-ch Seniors op 01st"]
[Site "Bad Sooden-Allendorf"]
[Date "2005.04.22"]
[Round "1"]
[White "Kraemer, Franz Josef"]
[Black "Gelzenleichter, Siegfried"]
[Result "0-1"]
[WhiteElo "1706"]
[BlackElo "1917"]
[PlyCount "58"]
[EventDate "2005.04.22"]
[EventType "swiss"]
[EventRounds "9"]
[EventCountry "GER"]
[SourceTitle "EXT 2007"]
[Source "ChessBase"]
[SourceDate "2006.11.23"]
[SourceVersion "1"]
[SourceVersionDate "2006.11.23"]
[SourceQuality "1"]

1. e4 c5 2. Nf3 d6 3. Bd3 Nc6 4. c3 Nf6 5. 0-0 e5 6. Re1 Be7 7. Bc2 Bg4 8. h3 Bh5 9. d4 Bxf3 10. Qxf3 cxd4 11. Ba4 dxc3 12. Nxc3 0-0 13. Qg3 Kh8 14. Be3 a6 15. Bc2 Rc8 16. Rad1 b5 17. a3 Na5 18. Re2 Nc4 19. Bc1 Qc7 20. Rd3 Qb7 21. Qf3 b4 22. axb4 Qxb4 23. Nd5 Nxd5 24. Rb3 Qc5 25. exd5 f5 26. Rc3 e4 27. Rxe4 fxe4 28. Qxe4 Qxf2+ 29. Kh2 Qh4 0-1

[Event "Niedersachsen-ch Seniors 39th"]
[Site "Wingst"]
[Date "2005.03.04"]
[Round "2"]
[White "Eidelmann, Vova"]
[Black "Gelzenleichter, Siegfried"]
[Result "1-0"]
[WhiteElo "2049"]
[BlackElo "2188"]
[PlyCount "95"]
[EventDate "2005.03.03"]
[EventType "swiss"]
[EventRounds "9"]
[EventCountry "GER"]
[SourceTitle "EXT 2006"]
[Source "ChessBase"]
[SourceDate "2005.11.24"]
[SourceVersion "1"]
[SourceVersionDate "2005.11.24"]
[SourceQuality "1"]

1. d4 d5 2. e3 Nf6 3. Bd3 e6 4. Nf3 c5 5. b3 Nc6 6. Nbd2 cxd4 7. exd4 Bb4 8. Bb2 Ne4 9. 0-0 Bc3 10. Bxc3 Nxc3 11. Qe1 Qb6 12. Qe3 h6 13. a4 Bd7 14. Nb1 Nxb1 15. Rfxb1 a6 16. c3 0-0 17. Bc2 Rac8 18. Rc1 Qc7 19. Qd3 f5 20. Ra2 Nd8 21. Ne5 Be8 22. Bd1 b5 23. axb5 axb5 24. b4 Nc6 25. Nxc6 Bxc6 26. Qe3 Bd7 27. f4 Ra8 28. Rca1 Rxa2 29. Rxa2 Rc8 30. Ra3 Qb7 31. Qd2 Ra8 32. Qa2 Rxa3 33. Qxa3 Qc7 34. g3 Kh7 35. Be2 Kg6 36. Kf2 Kf6 37. Ke3 g5 38. h4 gxf4+ 39. gxf4 Bc6 40. Qa5 Qc8 41. Qa7 Qd7 42. Qb8 Kg7 43. Kf2 Kh7 44. Qf8 Qc7 45. Ke3 Bb7 46. Qc5 Qg7 47. Kf2 Qf6 48. Qc7+ 1-0

[Event "GER North-ch Seniors 7th"]
[Site "Bad Bevensen"]
[Date "2004.06.19"]
[Round "1"]
[White "Von Janta, Lothar"]
[Black "Gelzenleichter, Siegfried"]
[Result "1/2-1/2"]
[WhiteElo "1769"]
[BlackElo "2155"]
[PlyCount "92"]
[EventDate "2004.06.19"]
[EventType "swiss"]
[EventRounds "9"]
[EventCountry "GER"]
[SourceTitle "EXT 2006"]
[Source "ChessBase"]
[SourceDate "2005.11.24"]
[SourceVersion "1"]
[SourceVersionDate "2005.11.24"]
[SourceQuality "1"]

1. c4 e5 2. Nc3 Nf6 3. d3 Bc5 4. Nf3 d6 5. Bg5 Be6 6. a3 a5 7. e3 Nbd7 8. d4 Bb6 9. d5 Bg4 10. h3 Bh5 11. Bd3 Bg6 12. Ne4 Bxe4 13. Bxe4 h6 14. Bxf6 Nxf6 15. Bc2 0-0 16. 0-0 Nd7 17. Qb1 Nf6 18. Nd2 Kh8 19. Qd1 Qe7 20. Qf3 Ng8 21. Qf5 g6 22. Qg4 Kg7 23. e4 Nf6 24. Qf3 Nh5 25. Rad1 Nf4 26. Kh2 Qg5 27. g3 Nh5 28. b3 f5 29. exf5 gxf5 30. Qg2 e4 31. Rfe1 Rae8 32. Nf1 Bc5 33. a4 Nf6 34. Ne3 h5 35. Re2 Nd7 36. h4 Qg6 37. f3 exf3 38. Qxf3 Bxe3 39. Rxe3 Rxe3 40. Qxe3 Ne5 41. Qf4 Ng4+ 42. Kg1 Qf6 43. Rf1 Kg6 44. Re1 Ne5 45. Rf1 Ng4 46. Re1 Ne5 1/2-1/2

[Event "Bad Sooden-Allendorf Seniors op 16th"]
[Site "Bad Sooden-Allendorf"]
[Date "2004.04.25"]
[Round "4"]
[White "Neudel, Bernd"]
[Black "Gelzenleichter, Siegfried"]
[Result "1/2-1/2"]
[WhiteElo "1820"]
[BlackElo "2155"]
[PlyCount "143"]
[EventDate "2004.04.22"]
[EventType "swiss"]
[EventRounds "9"]
[EventCountry "GER"]
[SourceTitle "EXT 2006"]
[Source "ChessBase"]
[SourceDate "2005.11.24"]
[SourceVersion "1"]
[SourceVersionDate "2005.11.24"]
[SourceQuality "1"]

1. c4 e5 2. Nc3 Nf6 3. g3 d5 4. cxd5 Nxd5 5. Bg2 Be6 6. d3 Nc6 7. Nf3 Be7 8. Bd2 0-0 9. 0-0 Nxc3 10. Bxc3 Qd6 11. a3 a5 12. d4 e4 13. Ne5 Bd5 14. Nxc6 Qxc6 15. e3 a4 16. f4 exf3 17. Bxf3 Bg5 18. Bd2 Rfe8 19. Rc1 Qe6 20. Bxd5 Qxd5 21. Rc5 Qd8 22. Qf3 Bf6 23. Qxb7 Rb8 24. Qxc7 Qxc7 25. Rxc7 Rxb2 26. Bc1 Ra2 27. Rf2 Ra1 28. Rfc2 Kf8 29. Kf2 Be7 30. R2c3 Ra2+ 31. Rc2 Ra1 32. R7c3 h5 33. h4 g5 34. hxg5 Bxg5 35. Kf3 Rb1 36. Rc5 f6 37. R2c3 Kf7 38. Ra5 Rxc1 39. Rxc1 Rxe3+ 40. Kf2 Rxa3 41. Rc7+ Kg6 42. d5 Be3+ 43. Kg2 Bb6 44. Rca7 Bxa7 45. Rxa7 Rd3 46. Rxa4 Rxd5 47. Ra8 Kf5 48. Rh8 Kg4 49. Rg8+ Kf5 50. Rh8 Kg4 51. Rg8+ Rg5 52. Ra8 Kf5 53. Kf3 Kg6 54. Rb8 Rf5+ 55. Kg2 Rc5 56. Rg8+ Kf5 57. Kh3 Rc4 58. Rg7 Rg4 59. Re7 Kg6 60. Ra7 Rc4 61. Ra8 Rc1 62. Rg8+ Kh7 63. Rf8 Kg7 64. Ra8 Rc3 65. Kh4 Rc5 66. Rb8 Rg5 67. Ra8 Rg4+ 68. Kh3 Rd4 69. Rb8 Kg6 70. Rg8+ Kf5 71. Rh8 Ke4 72. Rxh5 1/2-1/2

[Event "Niedersachsen-ch Seniors 38th"]
[Site "Wingst"]
[Date "2004.03.23"]
[Round "8"]
[White "Grabitz, Georg"]
[Black "Gelzenleichter, Siegfried"]
[Result "1/2-1/2"]
[WhiteElo "1987"]
[BlackElo "2155"]
[PlyCount "39"]
[EventDate "2004.03.16"]
[EventType "swiss"]
[EventRounds "9"]
[EventCountry "GER"]
[SourceTitle "EXT 2006"]
[Source "ChessBase"]
[SourceDate "2005.11.24"]
[SourceVersion "1"]
[SourceVersionDate "2005.11.24"]
[SourceQuality "1"]

1. e4 c5 2. Nc3 Nc6 3. g3 g6 4. Bg2 Bg7 5. d3 d6 6. f4 e6 7. Nf3 Nge7 8. 0-0 0-0 9. Be3 Nd4 10. Rb1 d5 11. Ne2 Nxf3+ 12. Bxf3 d4 13. Bd2 Bd7 14. c4 a5 15. g4 Bc6 16. Ng3 Qd7 17. e5 Bxf3 18. Qxf3 Qc6 19. Qxc6 Nxc6 20. Ne4 1/2-1/2

[Event "Niedersachsen-ch Seniors 38th"]
[Site "Wingst"]
[Date "2004.03.17"]
[Round "2"]
[White "Perk, Egbert"]
[Black "Gelzenleichter, Siegfried"]
[Result "0-1"]
[WhiteElo "1995"]
[BlackElo "2155"]
[PlyCount "52"]
[EventDate "2004.03.16"]
[EventType "swiss"]
[EventRounds "9"]
[EventCountry "GER"]
[SourceTitle "EXT 2006"]
[Source "ChessBase"]
[SourceDate "2005.11.24"]
[SourceVersion "1"]
[SourceVersionDate "2005.11.24"]
[SourceQuality "1"]

1. d4 d5 2. c4 c6 3. cxd5 cxd5 4. g3 Nf6 5. Bg2 Nc6 6. Nf3 Bf5 7. a3 e6 8. Nc3 Rc8 9. 0-0 Bd6 10. Bg5 h6 11. Bxf6 Qxf6 12. Qa4 0-0 13. Rac1 a6 14. e3 Rc7 15. Rfe1 Rfc8 16. Nd2 Bg6 17. Bxd5 exd5 18. Nxd5 Qe6 19. Nxc7 Bxc7 20. e4 Qh3 21. Rc3 Bb6 22. Nf3 Bh5 23. Qb3 Bxd4 24. Nxd4 Nxd4 25. Rxc8+ Qxc8 26. Qd3 Qh3 0-1

[Event "Bad Sooden-Allendorf Seniors op 15th"]
[Site "Bad Sooden-Allendorf"]
[Date "2003.05.02"]
[Round "5"]
[White "Gelzenleichter, Siegfried"]
[Black "Spaete, Erwin"]
[Result "1-0"]
[WhiteElo "2160"]
[BlackElo "1657"]
[PlyCount "45"]
[EventDate "2003.05.??"]
[EventType "swiss"]
[EventRounds "9"]
[EventCountry "GER"]
[SourceTitle "EXT 2006"]
[Source "ChessBase"]
[SourceDate "2005.11.24"]
[SourceVersion "1"]
[SourceVersionDate "2005.11.24"]
[SourceQuality "1"]

1. d4 Nf6 2. Nf3 d6 3. c4 g6 4. Nc3 Bg7 5. e4 0-0 6. Be2 Nbd7 7. 0-0 e5 8. d5 Nc5 9. Qc2 a5 10. b3 Ne8 11. Bg5 f6 12. Be3 b6 13. Nd2 f5 14. f3 f4 15. Bf2 Nf6 16. a3 Bd7 17. b4 axb4 18. axb4 Na6 19. Qb3 Qc8 20. Ra2 Qb7 21. Rfa1 Ra7 22. c5 Nxb4 23. Rxa7 1-0

[Event "Niedersachsen-ch Seniors 37th"]
[Site "Wingst"]
[Date "2003.04.13"]
[Round "6"]
[White "Gelzenleichter, Siegfried"]
[Black "Betzen, Wolfgang"]
[Result "1/2-1/2"]
[WhiteElo "2160"]
[BlackElo "1810"]
[PlyCount "98"]
[EventDate "2003.04.08"]
[EventType "swiss"]
[EventRounds "9"]
[EventCountry "GER"]
[SourceTitle "EXT 2006"]
[Source "ChessBase"]
[SourceDate "2005.11.24"]
[SourceVersion "1"]
[SourceVersionDate "2005.11.24"]
[SourceQuality "1"]

1. d4 Nf6 2. Nf3 e6 3. c4 b6 4. e3 Bb7 5. Bd3 Be7 6. 0-0 0-0 7. Nc3 d5 8. cxd5 Nxd5 9. e4 Nxc3 10. bxc3 c5 11. Re1 cxd4 12. cxd4 Nd7 13. Bb2 Rc8 14. Qe2 Bb4 15. Rec1 Qe7 16. Ba6 Nf6 17. a3 Ba5 18. Bd3 Rxc1+ 19. Rxc1 Rc8 20. Rxc8+ Bxc8 21. Qc2 Bb7 22. e5 Nd5 23. Bxh7+ Kf8 24. Be4 b5 25. Bxd5 Bxd5 26. Qh7 f6 27. Nh4 Ke8 28. exf6 Qxf6 29. Qg6+ Ke7 30. Qxf6+ Kxf6 31. f4 Bd2 32. g3 a5 33. Kf2 g5 34. fxg5+ Bxg5 35. Nf3 Kf5 36. Nxg5 Kxg5 37. Bc3 a4 38. h3 Kf5 39. Ke3 Bg2 40. h4 Kg4 41. Kf2 Bd5 42. Bb4 Bb7 43. Bd6 Bd5 44. Ke3 Bc6 45. Kd3 Bd5 46. Kc3 Kh5 47. Kb4 Bc4 48. Kc5 Kg4 49. Be5 Kh5 1/2-1/2

[Event "Niedersachsen-ch Seniors 37th"]
[Site "Wingst"]
[Date "2003.04.09"]
[Round "2"]
[White "Gelzenleichter, Siegfried"]
[Black "Hincke, Guenther"]
[Result "1-0"]
[WhiteElo "2160"]
[BlackElo "1875"]
[PlyCount "77"]
[EventDate "2003.04.08"]
[EventType "swiss"]
[EventRounds "9"]
[EventCountry "GER"]
[SourceTitle "EXT 2006"]
[Source "ChessBase"]
[SourceDate "2005.11.24"]
[SourceVersion "1"]
[SourceVersionDate "2005.11.24"]
[SourceQuality "1"]

1. d4 Nf6 2. Nf3 g6 3. c4 Bg7 4. Nc3 0-0 5. e4 d6 6. Be2 e5 7. Be3 Nc6 8. d5 Ne7 9. 0-0 Ne8 10. Qc2 h6 11. Nd2 g5 12. b4 Ng6 13. Rfe1 Nf4 14. Bf1 Nf6 15. f3 N6h5 16. c5 g4 17. g3 f5 18. fxg4 fxg4 19. cxd6 cxd6 20. Nb5 Rf7 21. Nc4 Bf8 22. gxf4 exf4 23. Bd4 a6 24. Bb6 Qg5 25. Nbxd6 g3 26. Nxf7 gxh2+ 27. Kxh2 Qg3+ 28. Kh1 Qh4+ 29. Kg1 Ng3 30. Bg2 Bg4 31. Nfe5 Bg7 32. Nxg4 Qxg4 33. Qd1 Qg5 34. Qf3 Rc8 35. Rac1 h5 36. Nd6 Rf8 37. Rc8 Rxc8 38. Nxc8 h4 39. Kh2 1-0

[Event "Baunatal op 8th"]
[Site "Baunatal"]
[Date "2002.08.11"]
[Round "6"]
[White "Gelzenleichter, Siegfried"]
[Black "Blome, Thomas"]
[Result "1/2-1/2"]
[WhiteElo "2207"]
[BlackElo "1670"]
[PlyCount "103"]
[EventDate "2002.08.09"]
[EventType "swiss"]
[EventRounds "7"]
[EventCountry "GER"]
[SourceTitle "EXT 2003"]
[Source "ChessBase"]
[SourceDate "2002.11.25"]
[SourceVersion "1"]
[SourceVersionDate "2002.11.25"]
[SourceQuality "1"]

1. d4 f5 2. Nf3 Nf6 3. g3 e6 4. Bg2 d5 5. 0-0 Bd6 6. c4 c6 7. b3 Qe7 8. Qc2 0-0 9. Bb2 b6 10. Ne5 Bb7 11. Nd2 a5 12. Rac1 Na6 13. e3 Rac8 14. Qb1 Ne4 15. Rfd1 Rfd8 16. Nd3 Nb4 17. Nf3 Nxd3 18. Qxd3 Ba6 19. Nd2 Bb4 20. Nb1 Bd6 21. f3 Ng5 22. Qd2 dxc4 23. bxc4 e5 24. Qf2 exd4 25. exd4 Qf7 26. c5 Bf8 27. h4 Ne6 28. cxb6 Qb7 29. f4 Qxb6 30. Bf3 Re8 31. Kg2 Be7 32. d5 Qxf2+ 33. Kxf2 cxd5 34. Bxd5 Bc5+ 35. Kf3 Kh8 36. Be5 Nf8 37. h5 Nd7 38. Re1 Nxe5+ 39. Rxe5 Rxe5 40. fxe5 Bd4 41. Rxc8+ Bxc8 42. Kf4 g5+ 43. hxg6 hxg6 44. e6 Kg7 45. Nd2 Kf6 46. Nf3 g5+ 47. Nxg5 Be5+ 48. Kf3 Kxg5 49. e7 Bd7 50. Bf7 Bc6+ 51. Kf2 Bd4+ 52. Kf1 1/2-1/2

[Event "Baunatal op 8th"]
[Site "Baunatal"]
[Date "2002.08.10"]
[Round "4"]
[White "Gelzenleichter, Siegfried"]
[Black "Henrich, Holger"]
[Result "0-1"]
[WhiteElo "2207"]
[BlackElo "2149"]
[PlyCount "50"]
[EventDate "2002.08.09"]
[EventType "swiss"]
[EventRounds "7"]
[EventCountry "GER"]
[SourceTitle "EXT 2003"]
[Source "ChessBase"]
[SourceDate "2002.11.25"]
[SourceVersion "1"]
[SourceVersionDate "2002.11.25"]
[SourceQuality "1"]

1. d4 e6 2. Nf3 d5 3. c4 Nf6 4. Nc3 Bb4 5. Bg5 Nbd7 6. cxd5 exd5 7. Qb3 c5 8. e3 Qa5 9. Bxf6 Nxf6 10. dxc5 Ne4 11. Rc1 0-0 12. a3 Bxc3+ 13. bxc3 Qxc5 14. Bd3 Bg4 15. Bxe4 dxe4 16. Nd4 b6 17. 0-0 Qg5 18. Kh1 Rfe8 19. Rc2 Rad8 20. c4 Rd6 21. Qb5 Re5 22. c5 Bf3 23. Nxf3 exf3 24. g3 Qf5 25. Rg1 Qxc2 0-1

[Event "Baunatal op 8th"]
[Site "Baunatal"]
[Date "2002.08.09"]
[Round "1"]
[White "Stark, Heinrich"]
[Black "Gelzenleichter, Siegfried"]
[Result "1/2-1/2"]
[WhiteElo "1751"]
[BlackElo "2207"]
[PlyCount "112"]
[EventDate "2002.08.09"]
[EventType "swiss"]
[EventRounds "7"]
[EventCountry "GER"]
[SourceTitle "EXT 2003"]
[Source "ChessBase"]
[SourceDate "2002.11.25"]
[SourceVersion "1"]
[SourceVersionDate "2002.11.25"]
[SourceQuality "1"]

1. e4 c5 2. d4 cxd4 3. Nf3 d6 4. c3 Nf6 5. e5 dxe5 6. Nxe5 Qd5 7. cxd4 Nc6 8. Nxc6 bxc6 9. Nc3 Qa5 10. Bc4 e6 11. Qf3 Bb7 12. 0-0 Bd6 13. Re1 Qc7 14. h3 0-0 15. Bg5 c5 16. d5 Nxd5 17. Bxd5 Bxd5 18. Nxd5 exd5 19. Qxd5 Rae8 20. Be3 Re5 21. Qd2 Rfe8 22. Red1 R5e6 23. Rac1 Qb7 24. Bxc5 Bxc5 25. Rxc5 R6e7 26. Rd5 h6 27. Rd7 Qe4 28. Rxe7 Rxe7 29. Kf1 Re6 30. Qd8+ Re8 31. Qd4 Qe2+ 32. Kg1 g6 33. Qd2 Qh5 34. Qd7 Qe5 35. Rd2 Re7 36. Qd8+ Kh7 37. Qd4 Qf5 38. Qd3 Re1+ 39. Kh2 Qf4+ 40. g3 Qe5 41. Qd5 Qf6 42. Kg2 h5 43. Qf3 Qe6 44. h4 Qc4 45. Rd3 Kg7 46. Qd5 Qc1 47. Qd4+ Kh7 48. Qc3 Qb1 49. a3 Rg1+ 50. Kf3 Rc1 51. Qd4 Rc2 52. Rd2 Qh1+ 53. Ke2 Rc6 54. Rd3 Rc2+ 55. Rd2 Rc6 56. Rd3 Rc2+ 1/2-1/2

[Event "GER North-ch Seniors 5th"]
[Site "Bad Bevensen"]
[Date "2002.06.28"]
[Round "7"]
[White "Gelzenleichter, Siegfried"]
[Black "Schneider, Miloca"]
[Result "1-0"]
[WhiteElo "2240"]
[BlackElo "2058"]
[PlyCount "84"]
[EventDate "2002.06.??"]
[EventType "swiss"]
[EventRounds "9"]
[EventCountry "GER"]
[SourceTitle "EXT 2006"]
[Source "ChessBase"]
[SourceDate "2005.11.24"]
[SourceVersion "1"]
[SourceVersionDate "2005.11.24"]
[SourceQuality "1"]

1. d4 Nf6 2. Nf3 d6 3. c4 g6 4. Nc3 Bg7 5. e4 0-0 6. Be2 e5 7. Be3 Nbd7 8. d5 a6 9. 0-0 Re8 10. b4 Ng4 11. Bg5 f6 12. Bd2 Nf8 13. h3 Nh6 14. c5 f5 15. Bg5 Qd7 16. Bc4 Nf7 17. c6 bxc6 18. dxc6 Qxc6 19. Bd5 Qxc3 20. Bd2 Qd3 21. Bxa8 fxe4 22. Ne1 Qd4 23. Bc6 Bd7 24. Bxd7 Nxd7 25. Nc2 Qd3 26. Re1 d5 27. Re3 Qb5 28. Rc3 c6 29. a4 Qb7 30. Rb1 d4 31. Rcb3 Nd6 32. Na3 Nf6 33. b5 axb5 34. axb5 c5 35. Qc1 e3 36. fxe3 Nfe4 37. exd4 Nxd2 38. Qxd2 exd4 39. Qc2 Qd5 40. b6 c4 41. Nxc4 Nxc4 42. b7 Be5 1-0

[Event "GER North-ch Seniors 5th"]
[Site "Bad Bevensen"]
[Date "2002.06.27"]
[Round "6"]
[White "Bakhmatov, Eduard"]
[Black "Gelzenleichter, Siegfried"]
[Result "1-0"]
[WhiteElo "2283"]
[BlackElo "2240"]
[PlyCount "75"]
[EventDate "2002.06.??"]
[EventType "swiss"]
[EventRounds "9"]
[EventCountry "GER"]
[SourceTitle "EXT 2006"]
[Source "ChessBase"]
[SourceDate "2005.11.24"]
[SourceVersion "1"]
[SourceVersionDate "2005.11.24"]
[SourceQuality "1"]

1. e4 c5 2. Nf3 d6 3. d4 cxd4 4. Nxd4 Nf6 5. Nc3 a6 6. Bc4 b5 7. Bb3 e5 8. Nf5 h6 9. Be3 Bb7 10. Nd5 Nbd7 11. f3 g6 12. Ng3 Nxd5 13. Bxd5 Bxd5 14. Qxd5 Be7 15. 0-0 h5 16. f4 0-0 17. Rad1 Rc8 18. c3 h4 19. Ne2 Qc7 20. fxe5 Nxe5 21. Bd4 Qc4 22. Nf4 Qxd5 23. Nxd5 Bg5 24. a4 f5 25. exf5 Rxf5 26. Rxf5 gxf5 27. axb5 axb5 28. Ra1 Nc6 29. Be3 Bxe3+ 30. Nxe3 b4 31. Nxf5 bxc3 32. bxc3 d5 33. Rd1 Rd8 34. Nxh4 d4 35. cxd4 Nxd4 36. Rd2 Kf7 37. Kf2 Ke7 38. Rxd4 1-0